000 00341cam a2200133ua 4500
082 _a547
_bKIP/OR
100 _aKipping, Stanley. F .
_91684
245 _aOrganic Chemistry /
250 _a1 /
260 _aLondon :
_bThe English Language Book Society ,
_c1961.
300 _a725 ; .
700 1 _aKipping , Barry.F .
_91685
942 _cBK
999 _c1670
_d1670